Регионална библиотека "Любен Каравелов" - Русе

Невидимото дете (Запис номер 89419)

MARC детайли
000 -Лидер
Контролно поле с фиксирана дължина 01373nam a2200337 c 4500
003 - Код на организацията, давaща контролен номер
Контролно поле BLK
005 - Дата и час на последна редакция
Контролно поле 20250110142432.0
008 - Елементи от данни с фиксирана дължина
fixed length control field 180408b bul|||||r ||||||| ||bul||
010 ## - Наследен системен номер
LC control number KNG00094119000
020 ## - Международен стандартен номер на книга ISBN
Международен стандартен номер на книга ISBN 978-954-527-399-5
-- издат.: Дамян Яков
040 ## - Източник на каталожния запис
Идентификатор на билиотеката - собственик на записа BLK
041 ## - Код за език
Код за езика на текст/звукозапис или на отделно заглавие Български
Код за езика КДБФ Български
080 ## - УДК
Текстов определител УДК Финландска литература
УДК код - определител по УДК 821.511.111
УДК определител -93-31
УДК - код + определител 821.511.111-93-31
100 1# - Редна дума - Автор
Автор Янсон, Туве
Авторска отговорност първи автор
R(LIN) 365645
139 ## - Редно поле
Редна дума Янсон, Туве
Авторски знак Янсо - Я 67
245 10 - Сведения за заглавието
Заглавие Невидимото дете
Редно поле (дума) Туве Янсон; прев. Теодора Иванова Джебарова; ил. Туве Янсон.
250 ## - Област на изданието
Сведения за изданието 2. изд.
257 ## - Страна на издаване
Страна на създаване/издаване Финландия
260 ## - Област на издателските данни
-- София
Име на издателя, разпространителя и проч. Дамян Яков
Година на издаване 2008
Печатница В. Търново : Абагар
300 ## - Физическа характеристика
Страници 167 с.
Илюстрации и др. с ил.
Размери/Мащаб 22 см
380 ## - Жанр
Жанр Детска худож. лит.
500 ## - Общи забележки
Забележка Ориг. загл. Det osynliga barnrt och andra berattelser / Tove Jansson. - 1. изд. 1978 на изд. Отечество в Библ. Вълшебници.
700 1# - Други автори (авторска отговорност)
Лично име Джебарова, Теодора Иванова
Автороска отговорност (Описва отношението между автора и произведението) прев.
9 (RLIN) 365894
700 1# - Други автори (авторска отговорност)
Лично име Янсон, Туве
Автороска отговорност (Описва отношението между автора и произведението) ил.
9 (RLIN) 365645
852 ## - Местоположение
Форматна сигнатура Цб 247010
856 4# - Електронен адрес и достъп
Електронен формат pdf - файл
Път до файла /url/
856 4# - Електронен адрес и достъп
Електронен формат pdf - файл
Път до файла /url/
942 ## - АРТИКУЛИ
Вид на библиотечния материал Книги
Скрит в OPAC Не
Koha issues (borrowed), all copies 2
944 ## - СЪЗДАВАНЕ И РЕДАКЦИЯ на ЗАПИСА
Създаване/Редакция Създаване
Дата на регистрацията/редакция 05.02.2010
Служител, извършил регистрацията/редакцията 30543
Статус, дата на статуса Ива Цветкова
944 ## - СЪЗДАВАНЕ И РЕДАКЦИЯ на ЗАПИСА
Създаване/Редакция Редакция
Дата на регистрацията/редакция 29.05.2012
Служител, извършил регистрацията/редакцията
999 ## - СИСТЕМНИ КОНТРОЛНИ НОМЕРА
Koha biblionumber 89419
Koha biblioitemnumber 89419
Наличности
Код за отписване Код за изгубен артикул Код за повреда Коз за рестрикции Код за отдаване Артикулен № Име на библиотеката - собственик Име на библиотеката, в която се намира в момента Статус (Текущо местоположение) Дата на вписване в системата Местоположение - отдел Цена в лева Инвентарен номер Систематично азбучна сигнатура Баркод Номер на екземпляра Цена в евро Служебна бележка Служебен тип на артикула Източник на класификационната схема
  Не е изгубен Не е повреден без рестрикции ползва се в читалня 144747 Регионална библиотека "Любен Каравелов" Русе Регионална библиотека "Любен Каравелов" Русе Хранилище 2010-02-04 Хранилище 7.00 120000741921 Цб 247010 120000741921 1 3.58 Дост: Dp Вид: Д N: 32 Дата: 29.07.2009 Книги  
  Не е изгубен Не е повреден без рестрикции заемане за дома 144748 Регионална библиотека "Любен Каравелов" Русе Регионална библиотека "Любен Каравелов" Русе Детски отдел 2012-05-29 Детски отдел 7.00 120000757850 ДХ 820/899/Я 67 120000757850 2 3.58 Дост: DA Вид: А N: 8 Дата: 28.05.2012 Дата инв: 14.08.2015 Бележки инв: Д2015 Книги Universal Decimal Classification
Vip Innovations Ltd, Rousse, Bulgaria 2025